Регионална библиотека "Любен Каравелов" - Русе

DACIA (Запис номер 289982)

MARC детайли
000 -Лидер
Контролно поле с фиксирана дължина 01171nas a2200289 c 4500
003 - Код на организацията, давaща контролен номер
Контролно поле BLK
005 - Дата и час на последна редакция
Контролно поле 20180421002927.0
008 - Елементи от данни с фиксирана дължина
fixed length control field 180413b bul |a|er|||| |0| c|bulo|
010 ## - Наследен системен номер
LC control number PRD00000509000
022 ## - Международен стандартен номер на серия ISSN
Международният стандартен номер на серията ISSN 0070-251X
040 ## - Източник на каталожния запис
Идентификатор на билиотеката - собственик на записа BLK
041 ## - Код за език
Код за езика на текст/звукозапис или на отделно заглавие Френски
Код за езика КДБФ Френски
Други езици Английски
080 ## - УДК
Текстов определител УДК История. Вж и (091) ; (093)
УДК код - определител по УДК 93/99
УДК определител (498)
УДК - код + определител 93/99(498)
110 1# - Редна дума - колетивен орган
Редна дума - наименование на организация или юридическо лице Academie Roumaine, Inst. d' Archeologie V. Parvan
Авторска отговорност (Описва отношението между автора и произведението) Red. in chef : Alexandru Vulpe
9 (RLIN) 356955
245 10 - Сведения за заглавието
Заглавие DACIA
Подзаглавни данни Revue d'Archeologie et d'Histoire Ancienne : Nouvelle serie
Редно поле (дума) Academie Roumaine, Inst. d' Archeologie V. Parvan ; Red. in chef : Alexandru Vulpe
Дата на създаване на произведението Начална год. на издаване: № 1 (1957),
257 ## - Страна на издаване
Страна на създаване/издаване Румъния
260 ## - Област на издателските данни
-- Bucarest
Име на издателя, разпространителя и проч. Academiei Romane
Година на издаване 2002
Печатница Orion Pres Impex 2000
300 ## - Физическа характеристика
Размери/Мащаб 29
310 ## - Текуща периодчност на изданието
-- периодичност: 0
Дата на честота на издаване [начална и евентуално крайна] абонамент за: 2009
Дни, в които се получава дни, в които се получава: 0000000
Срок за съхранение срок за съхранение: 99
380 ## - Жанр
Жанр История
650 #4 - Допълнително описание по предмет – тема
Основно описание – тема или топоним Археология
9 (RLIN) 147536
852 ## - Местоположение
Форматна сигнатура Б 1813
856 ## - Електронен адрес и достъп
Електронен формат pdf - файл
Път до файла /url/
856 ## - Електронен адрес и достъп
Електронен формат pdf - файл
Път до файла /url/
942 ## - АРТИКУЛИ
Вид на библиотечния материал Продължаващи издания
Скрит в OPAC Не
Периодичен библиозапис Да
944 ## - СЪЗДАВАНЕ И РЕДАКЦИЯ на ЗАПИСА
Създаване/Редакция Създаване
Дата на регистрацията/редакция Вализар_Великов
Служител, извършил регистрацията/редакцията 28.01.2008
944 ## - СЪЗДАВАНЕ И РЕДАКЦИЯ на ЗАПИСА
Създаване/Редакция Редакция
Дата на регистрацията/редакция
Служител, извършил регистрацията/редакцията 26.07.2013
999 ## - СИСТЕМНИ КОНТРОЛНИ НОМЕРА
Koha biblionumber 289982
Koha biblioitemnumber 289982
Наличности
Код за отписване Код за изгубен артикул Код за повреда Коз за рестрикции Код за отдаване Артикулен № Име на библиотеката - собственик Име на библиотеката, в която се намира в момента Статус (Текущо местоположение) Дата на вписване в системата Местоположение - отдел Цена в лева Инвентарен номер Систематично азбучна сигнатура Баркод Номер на екземпляра Цена в евро Служебна бележка Служебен тип на артикула Бележка за публиката Източник на класификационната схема Номерация (Хронология)
  Не е изгубен Не е повреден без рестрикции ползва се в читалня 555282 Регионална библиотека "Любен Каравелов" Русе Регионална библиотека "Любен Каравелов" Русе Основен фонд - ползва се само за читалня 2008-01-29 Основен фонд - ползва се само за читалня 0.00 130000711259 Б 1813 130000711259 1 0.00 Дост: DA, Вид: А, Годиш. инв.: 46-47, Дата инв: 28.05.2014, Бележки инв: Цб2014 Продължаващи издания Год. на изд.: 2002-2003    
  Не е изгубен Не е повреден без рестрикции ползва се в читалня 555283 Регионална библиотека "Любен Каравелов" Русе Регионална библиотека "Любен Каравелов" Русе Основен фонд - ползва се само за читалня 2008-01-29 Основен фонд - ползва се само за читалня 0.00 130000711260 Б 1813 130000711260 2 0.00 Дост: DA, Вид: А, Годиш. инв.: 48-49, Дата инв: 28.05.2014, Бележки инв: Цб2014 Продължаващи издания Год. на изд.: 2004-2005    
  Не е изгубен Не е повреден без рестрикции ползва се в читалня 555284 Регионална библиотека "Любен Каравелов" Русе Регионална библиотека "Любен Каравелов" Русе Основен фонд - ползва се само за читалня 2009-09-26 Основен фонд - ползва се само за читалня 0.00 130000714974 Б 1813 130000714974 3 0.00 Дост: DA, Вид: А, Годиш. инв.: 52, Дата инв: 28.05.2014, Бележки инв: Цб2014 Продължаващи издания Год. на изд.: 2008    
  Не е изгубен Не е повреден без рестрикции ползва се в читалня 555285 Регионална библиотека "Любен Каравелов" Русе Регионална библиотека "Любен Каравелов" Русе Основен фонд - ползва се само за читалня 2010-04-29 Основен фонд - ползва се само за читалня 0.00 130000716296 Б 1813 130000716296 4 0.00 Дост: DA, Вид: А, Годиш. инв.: 53, Дата инв: 28.05.2014, Бележки инв: Цб2014 Продължаващи издания Год. на изд.: 2009    
  Не е изгубен Не е повреден само за читалня ползва се в читалня 926616 Регионална библиотека "Любен Каравелов" Русе Регионална библиотека "Любен Каравелов" Русе Хранилище 2023-04-05 Основен фонд - ползва се само за читалня 20.00 120000885820 Б 15015 120000885820   10.23   Продължаващи издания Год. на изд.: 2021 Universal Decimal Classification Том 65
Vip Innovations Ltd, Rousse, Bulgaria 2025